000 01028nas a2200301 4500
001 BR2012004564
003 BR-BrBNA
005 20231205120748.0
007 ta
008 230509b bl.|||p| |||| 00| 00por d
040 _aBR-BrBNA
_bpor
_cBiblioteca Nacional de Agricultura
041 _a(Pt)
072 _aH20
100 1 _aAguiar, R.L.
100 1 _aScaloppi, E.M.T.
100 1 _aGoes, A. de
100 1 _aSpósito, M.B.
245 1 _aPeríodo de incubação de Guignardia citricarpa em diferentes estádios fenológicos de frutos de laranjeira 'Valencia'
246 1 _aIncubation period of Guignardia citricarpa at the different phenological stages in sweet orange 'valencia'
650 _aLARANJA VALENCIA
650 _aCITRUS SINENSIS
650 _aMANCHA PRETA
650 _aDOENÇA DE PLANTA
650 _aFUNGO
773 0 _tTropical Plant Pathology (Brazil)
_xISSN 1982-5676
_g(Mar-Apr 2012), v. 37(2) p. 155-158
_wBR2012004564
909 _a202311
_bLúcia
_c55
_dLúcia Elande
942 _2AGRIS
_n0
_cANA
999 _c220177
_d220177